[Event "XLII C.to Italiano a squadre A1.1"]
[Site "Legnano ITA"]
[Date "2010.03.27"]
[Round "2"]
[White "Bellia, Fabrizio"]
[Black "Marelli, Mauro"]
[Result "1-0"]
[WhiteElo "2412"]
[BlackElo "2256"]
[PlyCount "121"]
[EventDate "2010.03.26"]

1. e4 d6 2. d4 Nf6 3. Nc3 e5 4. Nf3 exd4 5. Nxd4 Be7 6. Be2 O-O 7. O-O a6 8.
Bf3 Re8 9. h3 h6 10. Re1 Nbd7 11. g3 Bf8 12. Bg2 Rb8 13. Bf4 Ne5 14. b3 Bd7 15.
a4 Qc8 16. g4 g6 17. Qd2 Kh7 18. Nd5 Nxd5 19. exd5 c5 20. dxc6 Nxc6 21. Rxe8
Qxe8 22. Re1 Qd8 23. Nxc6 Bxc6 24. Bxc6 bxc6 25. Qd3 Qa5 26. Re2 Rc8 27. Bd2
Qb6 28. Bc3 Qa7 29. Qf3 Bg7 30. Bxg7 Kxg7 31. Qc3+ Kg8 32. Qd2 Qd7 33. Qxh6 Re8
34. Qd2 d5 35. a5 Re6 36. Rxe6 Qxe6 37. b4 Qe4 38. c3 Qe6 39. Qe3 Qc8 40. Qa7
Kg7 41. Kg2 Kg8 42. Kg3 Kg7 43. h4 Kg8 44. Kf4 Qd8 45. Kg3 Qc8 46. Qe3 Qd8 47.
Qe5 Qc8 48. h5 gxh5 49. gxh5 Kh7 50. Qf6 Qb8+ 51. Kg4 Qe8 52. Qf5+ Kg8 53. h6
Kf8 54. Qf6 Qe2+ 55. Kg3 Qd3+ 56. Kh2 Ke8 57. Qxc6+ Kd8 58. Qf6+ Ke8 59. b5 d4
60. cxd4 Qxb5 61. Qe5+ 1-0

[Event "XLII C.to Italiano a squadre A1.1"]
[Site "Legnano ITA"]
[Date "2010.03.28"]
[Round "4"]
[White "Gori, Andrea"]
[Black "Cereda, Mauro K."]
[Result "0-1"]
[WhiteElo "2119"]
[BlackElo "1718"]
[PlyCount "78"]
[EventDate "2010.03.26"]

1. e4 d6 2. d4 Nf6 3. Nc3 e5 4. dxe5 dxe5 5. Qxd8+ Kxd8 6. Bg5 Bd6 7. Bc4 Be6
8. Bxe6 fxe6 9. f3 Nc6 10. O-O-O Ke7 11. Nb5 a6 12. Nxd6 cxd6 13. Ne2 Rhd8 14.
Rd2 b5 15. c3 a5 16. b3 b4 17. c4 a4 18. Kb2 axb3 19. axb3 Ra3 20. Ra1 Rda8 21.
Rxa3 bxa3+ 22. Ka1 Ra6 23. Nc1 Na5 24. Ka2 Nc6 25. Nd3 h6 26. Be3 Na5 27. Nb4
Ra8 28. Bb6 Nb7 29. Nc6+ Kf7 30. Na7 d5 31. exd5 exd5 32. c5 d4 33. f4 Ne4 34.
Rd3 Nbxc5 35. Rf3 Nc3+ 36. Kxa3 Nd7 37. fxe5+ Ke6 38. Bxd4 Nb5+ 39. Kb2 Nxd4
0-1

[Event "XLII C.to Italiano a squadre A1.1"]
[Site "Legnano ITA"]
[Date "2010.03.28"]
[Round "4"]
[White "Misiano, Franco"]
[Black "Radice, Luca"]
[Result "1/2-1/2"]
[WhiteElo "2302"]
[BlackElo "2019"]
[PlyCount "70"]
[EventDate "2010.03.26"]

1. e4 e6 2. d4 d5 3. Nd2 Nc6 4. Ngf3 Nf6 5. e5 Nd7 6. Be2 Be7 7. Nf1 O-O 8. Ng3
f6 9. exf6 Nxf6 10. O-O Bd6 11. c4 b6 12. a3 a5 13. Qc2 Bb7 14. c5 bxc5 15.
dxc5 Bxg3 16. hxg3 Ba6 17. Bxa6 Rxa6 18. Qe2 Qc8 19. Bd2 a4 20. Rae1 Ne4 21.
Bf4 Re8 22. Bxc7 Nxc5 23. Be5 Nxe5 24. Nxe5 Nb3 25. Rd1 Ra7 26. Qb5 Rf8 27. Rd3
Ra5 28. Qb6 Ra6 29. Qe3 Ra5 30. Rc3 Rc5 31. Rxc5 Qxc5 32. Qxc5 Nxc5 33. Rc1 Ne4
34. Nd3 Rb8 35. Rc2 g6 1/2-1/2

[Event "XLII C.to Italiano a squadre A1.1"]
[Site "Legnano ITA"]
[Date "2010.03.28"]
[Round "5"]
[White "Passoni, Carlo"]
[Black "Radice, Luca"]
[Result "1/2-1/2"]
[WhiteElo "2251"]
[BlackElo "2019"]
[PlyCount "26"]
[EventDate "2010.03.26"]

1. f4 d5 2. Nf3 Nf6 3. e3 Bg4 4. Be2 Nbd7 5. d4 e6 6. Nbd2 Be7 7. O-O O-O 8. c3
c5 9. Bd3 Qc7 10. Qe1 Bf5 11. e4 Bxe4 12. Nxe4 dxe4 13. Bxe4 Nxe4 1/2-1/2

[Event "Memorial Nicola Palladino A"]
[Site "Milano ITA"]
[Date "2010.04.01"]
[Round "1"]
[White "Angelini, Marco"]
[Black "Di Chiara, Mauro"]
[Result "1/2-1/2"]
[WhiteElo "2046"]
[BlackElo "1868"]
[PlyCount "91"]
[EventDate "2010.04.01"]

1. e4 d6 2. Nc3 Nf6 3. g3 g6 4. Bg2 Bg7 5. h3 O-O 6. Nge2 e5 7. O-O Nc6 8. d3
Nh5 9. f4 exf4 10. gxf4 Nd4 11. Kh2 f5 12. Nxd4 Bxd4 13. Ne2 Bg7 14. Qe1 fxe4
15. dxe4 Bd7 16. c3 Qe7 17. Ng3 Qh4 18. Nxh5 Qxh5 19. Qg3 Bf6 20. Bf3 Qh4 21.
Be3 Qxg3+ 22. Kxg3 Bc6 23. Rae1 Rae8 24. h4 Bxe4 25. Bd1 Bd3 26. Rg1 Bf5 27.
Bf2 a6 28. h5 Kg7 29. Rh1 Rxe1 30. Rxe1 Rf7 31. hxg6 hxg6 32. Re8 Rf8 33. Re1
Rh8 34. Kf3 d5 35. Bg3 Be4+ 36. Kf2 c5 37. Bf3 Bxf3 38. Kxf3 Kf7 39. Bf2 d4 40.
cxd4 Bxd4 41. Bxd4 cxd4 42. Rd1 Rd8 43. Rd3 Ke6 44. Ke4 b5 45. Rxd4 Rxd4+ 46.
Kxd4 1/2-1/2

[Event "Memorial Nicola Palladino A"]
[Site "Milano ITA"]
[Date "2010.04.01"]
[Round "1"]
[White "Arboscelli, Gregorio"]
[Black "Cani, Gazmir"]
[Result "1/2-1/2"]
[WhiteElo "1848"]
[BlackElo "2027"]
[PlyCount "88"]
[EventDate "2010.04.01"]

1. Nf3 Nf6 2. g3 b6 3. Bg2 Bb7 4. O-O c5 5. c4 e6 6. d4 d6 7. Nc3 cxd4 8. Nxd4
Bxg2 9. Kxg2 Be7 10. Qa4+ Qd7 11. Bg5 Qxa4 12. Nxa4 O-O 13. Rad1 Rc8 14. b3 Na6
15. Nb5 Rd8 16. Nac3 Nc5 17. b4 Nb7 18. Bxf6 Bxf6 19. Ne4 Be7 20. a3 a6 21. Nd4
Rac8 22. Nd2 d5 23. cxd5 Rxd5 24. N4b3 Rcd8 25. Rc1 Bf6 26. Nc4 b5 27. Nb6 R5d6
28. Nc8 R6d7 29. Nb6 Re7 30. Rc2 Ree8 31. Rc7 Nd6 32. Rc2 Re7 33. Rd1 Rb7 34.
Rc6 Be7 35. Nc5 Ra7 36. e4 Kf8 37. e5 Nc4 38. Rxd8+ Bxd8 39. Nxc4 bxc4 40. Nxa6
c3 41. b5 Ba5 42. Nb4 Bxb4 43. axb4 Rb7 44. b6 c2 1/2-1/2

[Event "Memorial Nicola Palladino A"]
[Site "Milano ITA"]
[Date "2010.04.01"]
[Round "1"]
[White "Astengo, Corrado"]
[Black "Di Lascio, Savino"]
[Result "1/2-1/2"]
[WhiteElo "2136"]
[BlackElo "1925"]
[PlyCount "121"]
[EventDate "2010.04.01"]

1. e4 c6 2. d4 d5 3. Nd2 dxe4 4. Nxe4 Nf6 5. Nxf6+ gxf6 6. Bc4 Bf5 7. c3 e6 8.
Ne2 Nd7 9. Ng3 Nb6 10. Bb3 Bg6 11. h4 h5 12. Qf3 Be7 13. Bd2 a5 14. a4 Nd5 15.
Ne2 Qb6 16. c4 Nb4 17. O-O Bf5 18. Ng3 Bg6 19. Bc3 O-O-O 20. d5 exd5 21. cxd5
Nxd5 22. Bxd5 Rxd5 23. Bxf6 Bxf6 24. Qxf6 Qd4 25. Qf3 Qxh4 26. Rfc1 Rhd8 27. b3
Qd4 28. Rd1 Qb4 29. Rxd5 Rxd5 30. Rc1 Qd2 31. Rf1 Rd3 32. Qf6 Rxb3 33. Nxh5 Qd8
34. Qe5 Rb4 35. Ng3 Rxa4 36. Nf5 Bxf5 37. Qxf5+ Qd7 38. Qh5 Kb8 39. Rd1 Qe7 40.
Qh3 Re4 41. Qc3 Qc7 42. Qc5 b6 43. Qf8+ Kb7 44. g3 Qe7 45. Qg7 a4 46. Qc3 b5
47. Rc1 Re6 48. Qa5 f5 49. Rd1 Qc7 50. Qb4 Kb6 51. Qd4+ c5 52. Qd5 Re5 53. Qa8
c4 54. Qf8 Rc5 55. Qa8 Rc6 56. Rb1 Qc8 57. Qxa4 Qa6 58. Qd1 Qa3 59. Qd8+ Rc7
60. Qb8+ Rb7 61. Qd8+ 1/2-1/2

[Event "Memorial Nicola Palladino A"]
[Site "Milano ITA"]
[Date "2010.04.01"]
[Round "1"]
[White "Battistella, Stefano"]
[Black "Rossi, Giampiero"]
[Result "1-0"]
[WhiteElo "2095"]
[BlackElo "1914"]
[PlyCount "67"]
[EventDate "2010.04.01"]

1. c4 e6 2. Nf3 d5 3. b3 c6 4. Bb2 Nf6 5. g3 Be7 6. Bg2 Nbd7 7. d3 O-O 8. O-O
b6 9. Nbd2 Bb7 10. e4 Rc8 11. e5 Ne8 12. Qe2 Qc7 13. Rfe1 Qb8 14. Rac1 Nc7 15.
h4 Rfd8 16. Ng5 h6 17. Nh3 Nf8 18. Nf4 c5 19. Bh3 dxc4 20. bxc4 Rd7 21. Ne4
Bxe4 22. Qxe4 Ne8 23. Bg2 Qc7 24. Qe2 g6 25. Rcd1 Ng7 26. Be4 Qd8 27. Qf3 Qc7
28. h5 g5 29. Ng2 Ne8 30. Ne3 Nh7 31. Bxh7+ Kxh7 32. Qxf7+ Ng7 33. Qg6+ Kg8 34.
Ng4 1-0

[Event "Memorial Nicola Palladino A"]
[Site "Milano ITA"]
[Date "2010.04.01"]
[Round "1"]
[White "Colovic, Aleksandar"]
[Black "Kruis, Rudy"]
[Result "1-0"]
[WhiteElo "2464"]
[BlackElo "1938"]
[PlyCount "71"]
[EventDate "2010.04.01"]

1. d4 f5 2. g3 Nf6 3. Bg2 Nc6 4. Nf3 e6 5. O-O Be7 6. c4 d5 7. b3 O-O 8. Ba3
Ne4 9. e3 Rf6 10. Ne5 Bxa3 11. Nxa3 Nxe5 12. dxe5 Rh6 13. f3 Ng5 14. Nb5 a6 15.
Nc3 c6 16. Qd4 a5 17. e4 Qc7 18. exd5 Bd7 19. d6 Qd8 20. Na4 Rc8 21. Qb6 Qxb6+
22. Nxb6 Rd8 23. c5 Nf7 24. Rfe1 g5 25. Rac1 Nh8 26. Rc4 Ng6 27. Ra4 f4 28. g4
Nf8 29. Rxa5 Rg6 30. Ra7 Rb8 31. Bf1 Rg7 32. Bd3 Bc8 33. Bc4 Kh8 34. b4 h5 35.
h3 Kh7 36. a4 1-0

[Event "Memorial Nicola Palladino A"]
[Site "Milano ITA"]
[Date "2010.04.01"]
[Round "1"]
[White "Formento, Paolo"]
[Black "Cerasi, Umberto"]
[Result "1/2-1/2"]
[WhiteElo "1858"]
[BlackElo "2046"]
[PlyCount "73"]
[EventDate "2010.04.01"]

1. e4 c5 2. Nf3 e6 3. d4 cxd4 4. c3 Nf6 5. e5 Nd5 6. cxd4 b6 7. Nc3 Nxc3 8.
bxc3 Bb7 9. Bd3 Qc7 10. Bd2 d6 11. O-O Nd7 12. exd6 Bxd6 13. Re1 h6 14. Be4 Rc8
15. Bxb7 Qxb7 16. Qb3 O-O 17. c4 Qc7 18. Rac1 Rfe8 19. Bb4 e5 20. Bxd6 Qxd6 21.
Nxe5 Qxd4 22. Nxd7 Rxe1+ 23. Rxe1 Qxd7 24. Qb5 Rc6 25. h3 Kh7 26. Qd5 Qc7 27.
Re4 Rc5 28. Qd3 g6 29. Qd4 Qc8 30. g4 Rc7 31. h4 Qd7 32. Kg2 Qc6 33. Qd5 Qf6
34. g5 Qf5 35. Qxf5 gxf5 36. Rd4 hxg5 37. hxg5 1/2-1/2

[Event "Memorial Nicola Palladino A"]
[Site "Milano ITA"]
[Date "2010.04.01"]
[Round "1"]
[White "Gonella, Daniele"]
[Black "Pelizzola, Danilo"]
[Result "1-0"]
[WhiteElo "1918"]
[BlackElo "2106"]
[PlyCount "103"]
[EventDate "2010.04.01"]

1. e4 e5 2. Nf3 Nc6 3. Bb5 a6 4. Bxc6 dxc6 5. O-O f6 6. d4 exd4 7. Nxd4 c5 8.
Nb3 Qxd1 9. Rxd1 Bd6 10. Be3 b6 11. Nc3 Ne7 12. a4 Bb7 13. Nd2 Be5 14. Ne2
O-O-O 15. c3 Bd6 16. Ng3 g6 17. f3 Nc6 18. Nc4 Be7 19. Ne2 Rhe8 20. Kf2 Bf8 21.
Nf4 Rxd1 22. Rxd1 b5 23. Na3 b4 24. Nc4 a5 25. Nd5 bxc3 26. bxc3 Re6 27. Bf4
Ba6 28. Nde3 g5 29. Bg3 g4 30. Bf4 gxf3 31. gxf3 Re7 32. Na3 Ne5 33. Nb5 Rd7
34. Nd5 Bg7 35. Bxe5 fxe5 36. Rg1 Bxb5 37. axb5 Kb7 38. c4 c6 39. bxc6+ Kxc6
40. Rb1 Ra7 41. Rb6+ Kd7 42. Nc3 Kc7 43. Na4 Bf8 44. Re6 Bd6 45. Nc3 Kd7 46.
Rxd6+ Ke7 47. Rh6 Kf8 48. Rb6 a4 49. Rb2 a3 50. Ra2 Rb7 51. Rxa3 Rb4 52. Ra4
1-0

[Event "Memorial Nicola Palladino A"]
[Site "Milano ITA"]
[Date "2010.04.01"]
[Round "1"]
[White "Guzzetti, Luigi Enrico"]
[Black "Bemporad, Filippo"]
[Result "0-1"]
[WhiteElo "1879"]
[BlackElo "2057"]
[PlyCount "100"]
[EventDate "2010.04.01"]

1. e4 c5 2. Nf3 d6 3. d4 cxd4 4. Nxd4 Nf6 5. Nc3 e6 6. Be2 Be7 7. O-O O-O 8.
Be3 a6 9. a4 Qc7 10. f4 Nc6 11. Bf3 Na5 12. Be2 Nc4 13. Bxc4 Qxc4 14. Qe2 Qxe2
15. Ndxe2 Bd7 16. Rfd1 Bc6 17. Ng3 b5 18. e5 dxe5 19. fxe5 Ng4 20. Bd4 Rfd8 21.
axb5 Rxd4 22. bxc6 Rc4 23. Rd7 Bc5+ 24. Kf1 Nxe5 25. Ra4 Rxa4 26. Nxa4 Nxd7 27.
cxd7 Ba7 28. Ne4 Kf8 29. Ke2 Ke7 30. Nac5 Bxc5 31. Nxc5 Rb8 32. b3 Rb5 33. Nxa6
Kxd7 34. Kd3 Ra5 35. Nb4 f5 36. c4 Kd6 37. Nc2 e5 38. b4 Ra8 39. g3 g6 40. c5+
Kc7 41. Kc4 e4 42. Ne3 Ra1 43. Nd5+ Kb7 44. Kb5 Rc1 45. Ne3 h6 46. Nc4 Rc3 47.
Nd6+ Kc7 48. g4 e3 49. gxf5 gxf5 50. Ne8+ Kd8 0-1

[Event "Memorial Nicola Palladino A"]
[Site "Milano ITA"]
[Date "2010.04.01"]
[Round "1"]
[White "Illyuviev, Oleg"]
[Black "Nepi, Ezio"]
[Result "1-0"]
[WhiteElo "2031"]
[BlackElo "1852"]
[PlyCount "87"]
[EventDate "2010.04.01"]

1. c4 e5 2. Nc3 Nf6 3. Nf3 Nc6 4. g3 Bb4 5. Bg2 Bxc3 6. bxc3 O-O 7. O-O Re8 8.
Qb3 b6 9. d3 Bb7 10. e4 d6 11. a4 Nd7 12. Be3 Rb8 13. Ng5 Nc5 14. Qd1 Ne6 15.
Nh3 Qd7 16. f4 exf4 17. gxf4 Ne7 18. f5 Nc5 19. Rf4 g6 20. Ng5 Nxf5 21. Bxc5
dxc5 22. exf5 Bxg2 23. Kxg2 Re3 24. Ne4 Kg7 25. Rf3 Rxf3 26. Qxf3 gxf5 27. Qg3+
Kh8 28. Qe5+ f6 29. Nxf6 Qg7+ 30. Kh1 Rg8 31. Nd7 Rd8 32. a5 h6 33. Qxg7+ Kxg7
34. axb6 axb6 35. Ne5 Kf6 36. Re1 h5 37. Kg2 Rd6 38. Kf3 c6 39. Kf4 b5 40. Rg1
b4 41. Rg6+ Ke7 42. Nxc6+ Kd7 43. Rxd6+ Kxd6 44. cxb4 1-0

[Event "Memorial Nicola Palladino A"]
[Site "Milano ITA"]
[Date "2010.04.01"]
[Round "1"]
[White "Krstic, Dragan"]
[Black "Piantoni, Pierino"]
[Result "0-1"]
[WhiteElo "1763"]
[BlackElo "1943"]
[PlyCount "62"]
[EventDate "2010.04.01"]

1. d4 d5 2. c4 c6 3. Nc3 Nf6 4. Nf3 e6 5. Bg5 Be7 6. g3 Nbd7 7. e3 O-O 8. Bd3
dxc4 9. Bxc4 b5 10. Bd3 Bb7 11. O-O a6 12. Bxf6 Nxf6 13. Rc1 c5 14. dxc5 Bxc5
15. e4 Qb6 16. h3 Rfd8 17. Qe2 Qd6 18. Rcd1 Qxg3+ 19. Kh1 Qxh3+ 20. Nh2 b4 21.
Na4 Ba7 22. f3 Nh5 23. Rg1 Bxg1 24. Kxg1 Nf4 25. Qc2 Rac8 26. Bf1 Qg3+ 27. Kh1
Rd5 28. Rxd5 exd5 29. Nc5 dxe4 30. Qd2 exf3 31. Qe3 f2+ 0-1

[Event "Memorial Nicola Palladino A"]
[Site "Milano ITA"]
[Date "2010.04.01"]
[Round "1"]
[White "Olivieri, Alessandro"]
[Black "Profumo, Alberto"]
[Result "0-1"]
[WhiteElo "1938"]
[BlackElo "2191"]
[PlyCount "68"]
[EventDate "2010.04.01"]

1. d4 Nf6 2. c4 g6 3. Nc3 Bg7 4. e4 d6 5. Nf3 O-O 6. Be2 e5 7. O-O Nc6 8. d5
Ne7 9. Ne1 Nd7 10. Be3 f5 11. f3 f4 12. Bf2 g5 13. Nd3 Rf6 14. c5 Rh6 15. Rc1
Nf8 16. cxd6 cxd6 17. Nb5 Bd7 18. Qb3 Qe8 19. Nc7 Qh5 20. h4 Rd8 21. Ne6 Nxe6
22. dxe6 Bxe6 23. Qxb7 Ng6 24. Rc7 Bf6 25. Bxa7 Qxh4 26. Rfc1 g4 27. Kf1 Qh1+
28. Bg1 Nh4 29. Ne1 gxf3 30. Bxf3 Nxf3 31. Nxf3 Rg6 32. R1c2 Bh3 33. Qb3+ Kh8
34. gxh3 Rdg8 0-1

[Event "Memorial Nicola Palladino A"]
[Site "Milano ITA"]
[Date "2010.04.01"]
[Round "1"]
[White "Virzi, Ettore"]
[Black "Attuati, Stefano"]
[Result "1/2-1/2"]
[WhiteElo "1999"]
[BlackElo "1848"]
[PlyCount "55"]
[EventDate "2010.04.01"]

1. e4 e6 2. d4 d5 3. Nc3 Nf6 4. e5 Nfd7 5. f4 c5 6. Nf3 Nc6 7. Be3 cxd4 8. Nxd4
Bc5 9. Qd2 a6 10. O-O-O O-O 11. Qf2 Nxd4 12. Bxd4 Qc7 13. Kb1 b5 14. Bd3 Bxd4
15. Qxd4 Nb6 16. Qf2 Bd7 17. Ne2 b4 18. h4 Nc4 19. Rh3 a5 20. Rg3 a4 21. Qf3
Be8 22. Bxh7+ Kxh7 23. Qh5+ Kg8 24. Rxg7+ Kxg7 25. Qg5+ Kh7 26. Qh5+ Kg7 27.
Qg5+ Kh7 28. Qh5+ 1/2-1/2

[Event "Memorial Nicola Palladino A"]
[Site "Milano ITA"]
[Date "2010.04.02"]
[Round "2"]
[White "Arboscelli, Gregorio"]
[Black "Virzi, Ettore"]
[Result "1/2-1/2"]
[WhiteElo "1848"]
[BlackElo "1999"]
[PlyCount "55"]
[EventDate "2010.04.01"]

1. b3 e5 2. Bb2 Nc6 3. e3 Nf6 4. Bb5 d6 5. c4 Bd7 6. Nc3 Be7 7. d3 O-O 8. Nf3
Re8 9. Nd5 a6 10. Nxe7+ Qxe7 11. Bxc6 Bxc6 12. e4 Nd7 13. Nd2 Nc5 14. Qc2 a5
15. O-O f5 16. f3 Qg5 17. Rae1 Ne6 18. exf5 Qxf5 19. Ne4 Qg6 20. Kh1 Rf8 21.
Bc1 Nd4 22. Qd2 Rf5 23. Ng3 Rf4 24. Qf2 Rf7 25. Ne4 Ne6 26. Qg3 Qxg3 27. hxg3
b6 28. Ng5 1/2-1/2

[Event "Memorial Nicola Palladino A"]
[Site "Milano ITA"]
[Date "2010.04.02"]
[Round "2"]
[White "Attuati, Stefano"]
[Black "Borin, Fabio"]
[Result "0-1"]
[WhiteElo "1848"]
[BlackElo "2107"]
[PlyCount "114"]
[EventDate "2010.04.01"]

1. e4 c5 2. Nf3 d6 3. d4 Nf6 4. Nc3 cxd4 5. Nxd4 g6 6. Be3 Bg7 7. f3 Nc6 8. Qd2
O-O 9. g4 Be6 10. Nb3 a5 11. a4 Ne5 12. Be2 Nc4 13. Bxc4 Bxc4 14. h4 d5 15. g5
Nh5 16. exd5 Bxc3 17. bxc3 Bxd5 18. Rf1 Qd6 19. Nc5 Qc6 20. f4 Rfd8 21. Bd4 Ng3
22. Rf2 b6 23. Nd3 Ne4 24. Qe3 Nxf2 25. Kxf2 Qe6 26. Qxe6 Bxe6 27. Bxb6 Rdc8
28. Bd4 Bf5 29. Rb1 Rab8 30. Rb5 Rxb5 31. axb5 a4 32. b6 a3 33. c4 Be4 34. Nc5
Bc6 35. Nb3 Rd8 36. c5 a2 37. c3 f6 38. gxf6 exf6 39. Ke3 Kf7 40. Kd2 Ba4 41.
Na1 h5 42. Kc1 g5 43. fxg5 fxg5 44. Be5 Ke6 45. Bc7 Rd1+ 46. Kb2 Bc6 47. hxg5
Rd2+ 48. Ka3 h4 49. Nb3 Bd5 50. c4 Bxc4 51. b7 Bxb3 52. b8=Q a1=Q+ 53. Kb4 Qa4+
54. Kc3 Rc2+ 55. Kd3 Qc4+ 56. Ke3 Re2+ 57. Kf3 Qe4# 0-1

[Event "Memorial Nicola Palladino A"]
[Site "Milano ITA"]
[Date "2010.04.02"]
[Round "2"]
[White "Bemporad, Filippo"]
[Black "Colovic, Aleksandar"]
[Result "0-1"]
[WhiteElo "2057"]
[BlackElo "2464"]
[PlyCount "48"]
[EventDate "2010.04.01"]

1. d4 Nf6 2. Nf3 c5 3. c4 cxd4 4. Nxd4 e6 5. g3 Qc7 6. b3 Bb4+ 7. Bd2 Bc5 8.
Nf3 e5 9. e3 Nc6 10. Bc3 e4 11. Nd4 Ne5 12. Nb5 Qb8 13. Nd2 O-O 14. Bg2 d5 15.
O-O Bg4 16. Qc2 a6 17. Nd4 Qc8 18. Rac1 Bxd4 19. Bxd4 Nf3+ 20. Kh1 Qf5 21. Nxf3
exf3 22. Qxf5 fxg2+ 23. Kxg2 Bxf5 24. Bxf6 gxf6 0-1

[Event "Memorial Nicola Palladino A"]
[Site "Milano ITA"]
[Date "2010.04.02"]
[Round "2"]
[White "Cani, Gazmir"]
[Black "Formento, Paolo"]
[Result "1-0"]
[WhiteElo "2027"]
[BlackElo "1858"]
[PlyCount "119"]
[EventDate "2010.04.01"]

1. d4 d5 2. Nf3 Nf6 3. c4 c6 4. Nc3 e6 5. Bg5 Be7 6. e3 Nbd7 7. Rc1 O-O 8. Bd3
h6 9. Bh4 Ne4 10. Bxe7 Nxc3 11. Rxc3 Qxe7 12. O-O f5 13. Qb1 g6 14. b4 e5 15.
cxd5 cxd5 16. dxe5 Nxe5 17. Be2 Nxf3+ 18. Bxf3 Be6 19. Rfc1 Rfd8 20. Qb2 Qg7
21. Qd2 Rd7 22. Rc5 Rad8 23. Qd4 Qxd4 24. exd4 Kf7 25. a4 Ke7 26. Re1 Rd6 27.
b5 b6 28. Rc3 Kf7 29. Re5 Ke7 30. h4 Kd7 31. Bd1 Rc8 32. Rxc8 Kxc8 33. h5 g5
34. f4 gxf4 35. Kf2 Kd7 36. Bc2 Ke7 37. Kf3 Kf6 38. Kxf4 Rd8 39. g3 Rd6 40.
Bxf5 Bxf5 41. Rxf5+ Ke6 42. Rf8 Rd7 43. g4 Rh7 44. Re8+ Kd7 45. Rg8 Ke7 46. Rg6
Kf7 47. Ke5 Rh8 48. Kxd5 Rd8+ 49. Rd6 Rg8 50. Rxh6 Rg5+ 51. Kc6 Rxg4 52. Rh7+
Kf6 53. Rxa7 Rxd4 54. Kxb6 Rh4 55. a5 Rxh5 56. a6 Ke6 57. Rc7 Kd6 58. a7 Rh8
59. Kb7 Rh5 60. Rc6+ 1-0

[Event "Memorial Nicola Palladino A"]
[Site "Milano ITA"]
[Date "2010.04.02"]
[Round "2"]
[White "Cerasi, Umberto"]
[Black "Gonella, Daniele"]
[Result "1-0"]
[WhiteElo "2046"]
[BlackElo "1918"]
[PlyCount "79"]
[EventDate "2010.04.01"]

1. d4 d5 2. c4 e6 3. Nc3 c6 4. cxd5 cxd5 5. Nf3 Bd6 6. Bg5 Ne7 7. e3 Bd7 8. Bd3
O-O 9. Bh4 h6 10. Rc1 Nbc6 11. O-O a6 12. e4 Bf4 13. exd5 Bxc1 14. dxc6 Bxb2
15. Na4 Bxc6 16. Nxb2 g5 17. Bg3 f5 18. Be5 b5 19. Ne1 Ng6 20. Qh5 Nxe5 21.
dxe5 Kg7 22. Qe2 Qd5 23. Nd1 Rad8 24. Ne3 Qd4 25. N3c2 Qc5 26. Kh1 Rd5 27. Ne3
Rxe5 28. Qb2 Kg8 29. Bc2 Be4 30. Bb3 Rd8 31. Nd1 Qd4 32. Qa3 Qd6 33. Qb2 Bd5
34. Ne3 Bxb3 35. Qxb3 Re4 36. Nxf5 Qb4 37. Qxb4 Rxb4 38. Ne7+ Kf7 39. Nc6 Rdd4
40. Nc2 1-0

[Event "Memorial Nicola Palladino A"]
[Site "Milano ITA"]
[Date "2010.04.02"]
[Round "2"]
[White "Di Chiara, Mauro"]
[Black "Astengo, Corrado"]
[Result "0-1"]
[WhiteElo "1868"]
[BlackElo "2136"]
[PlyCount "112"]
[EventDate "2010.04.01"]

1. d4 d5 2. Nf3 Nf6 3. c4 e6 4. Nc3 c6 5. cxd5 exd5 6. Bg5 Be7 7. Qc2 O-O 8. e3
Nbd7 9. Bd3 Re8 10. O-O Nf8 11. Rab1 Ne4 12. Bxe7 Qxe7 13. Bxe4 dxe4 14. Ne5 f6
15. Nc4 Bf5 16. f3 Qe6 17. Nxe4 Bxe4 18. fxe4 Qxe4 19. Qxe4 Rxe4 20. Kf2 Rd8
21. Kf3 Re7 22. Rbd1 Ne6 23. h4 Rd5 24. b4 Rf5+ 25. Kg4 Rxf1 26. Rxf1 Nc7 27.
Nd6 Nd5 28. Re1 Rxe3 29. Rxe3 Nxe3+ 30. Kf3 Nc2 31. Nxb7 Nxb4 32. a4 Kf7 33.
Nd6+ Ke6 34. Nc8 a6 35. Ke4 f5+ 36. Kf4 Nc2 37. Na7 Nxd4 38. Ke3 c5 39. Nc8 Nc6
40. Nb6 Ne5 41. g3 g6 42. Kf4 h6 43. Na8 Nd3+ 44. Ke3 Nb2 45. Nc7+ Ke5 46. Nxa6
Nxa4 47. Nc7 c4 48. Nb5 g5 49. hxg5 hxg5 50. Na3 Nb6 51. Nc2 Nd5+ 52. Kf3 g4+
53. Kf2 Ke4 54. Ke2 c3 55. Ne1 Nb4 56. Ng2 c2 0-1

[Event "Memorial Nicola Palladino A"]
[Site "Milano ITA"]
[Date "2010.04.02"]
[Round "2"]
[White "Di Lascio, Savino"]
[Black "Angelini, Marco"]
[Result "0-1"]
[WhiteElo "1925"]
[BlackElo "2046"]
[PlyCount "76"]
[EventDate "2010.04.01"]

1. e4 c5 2. Nf3 d6 3. g3 Nc6 4. Bg2 g6 5. c3 Bg7 6. O-O Nf6 7. d3 O-O 8. Na3
Rb8 9. Nc2 Bd7 10. Bd2 b5 11. Qc1 c4 12. Nfe1 cxd3 13. Nxd3 Ng4 14. h3 Nge5 15.
Nce1 Re8 16. Kh2 Qb6 17. Bh6 Bh8 18. f4 Nxd3 19. Nxd3 b4 20. f5 bxc3 21. fxg6
hxg6 22. bxc3 Qa5 23. Bd2 Ne5 24. Nb4 Be6 25. Qe1 Qb5 26. a4 Qc4 27. a5 Bf6 28.
Qe3 Nd7 29. Rfc1 Qb5 30. Bf1 Qh5 31. Rab1 Ne5 32. Kg1 Nf3+ 33. Kf2 Nxd2 34.
Qxd2 Bg5 35. Qd4 Bxc1 36. Rxc1 Qxa5 37. Nc6 Rb2+ 38. Kg1 Qg5 0-1

[Event "Memorial Nicola Palladino A"]
[Site "Milano ITA"]
[Date "2010.04.02"]
[Round "2"]
[White "Giacometto, Mario"]
[Black "Guzzetti, Luigi Enrico"]
[Result "1-0"]
[WhiteElo "1972"]
[BlackElo "1879"]
[PlyCount "61"]
[EventDate "2010.04.01"]

1. e4 c5 2. Nf3 e6 3. d4 cxd4 4. Nxd4 a6 5. Nc3 Qc7 6. g3 Nf6 7. Bg2 Be7 8. O-O
Nc6 9. h3 O-O 10. a3 d6 11. Be3 Bd7 12. f4 e5 13. Nde2 Na5 14. Kh2 Rac8 15. f5
h6 16. g4 Nc4 17. Bc1 Qb6 18. Qd3 d5 19. exd5 Bd6 20. Ne4 Nxe4 21. Bxe4 Bb5 22.
a4 Nxb2 23. Qb3 Qa5 24. axb5 Qxa1 25. Qxb2 Qa4 26. Ng3 axb5 27. f6 g5 28. c3
Bc5 29. Qe2 Kh8 30. Qf3 Rg8 31. Qf5 1-0

[Event "Memorial Nicola Palladino A"]
[Site "Milano ITA"]
[Date "2010.04.02"]
[Round "2"]
[White "Kruis, Rudy"]
[Black "Krstic, Dragan"]
[Result "0-1"]
[WhiteElo "1938"]
[BlackElo "1763"]
[PlyCount "150"]
[EventDate "2010.04.01"]

1. c4 Nf6 2. Nc3 g6 3. Nf3 Bg7 4. d4 O-O 5. e4 d6 6. h3 Nbd7 7. Bd3 e5 8. d5 b6
9. O-O Nc5 10. Bc2 h6 11. b4 Ncd7 12. Be3 Ba6 13. Bd3 Qe7 14. Qa4 Bb7 15. Rac1
Rfc8 16. Rfd1 a6 17. Qb3 Rab8 18. Na4 Ba8 19. b5 Nc5 20. Qc2 axb5 21. cxb5 Nxd3
22. Qxd3 Bb7 23. Nc3 Ra8 24. a4 Qd7 25. Rd2 g5 26. Nh2 g4 27. h4 Kh8 28. g3 Rg8
29. Rdc2 Nh5 30. Ne2 Rac8 31. Rc4 Nf6 32. Nf1 Qd8 33. Bd2 Nd7 34. Ne3 Nc5 35.
Qc2 h5 36. Nf5 Qf6 37. Bg5 Qg6 38. Ne7 Qh7 39. Nxc8 Bxc8 40. Nc3 f5 41. Be3 Bh6
42. Bxh6 Qxh6 43. Re1 Qf6 44. Rb4 Bd7 45. Re2 Rf8 46. Qd2 Rg8 47. exf5 Bxf5 48.
Re3 Qg6 49. Rb2 Ra8 50. Rb4 Rf8 51. Re2 Kh7 52. Rb2 Bd3 53. Re3 Qf5 54. Qd1 Be4
55. Nxe4 Nxe4 56. Qb1 Nc5 57. Qxf5+ Rxf5 58. Ra2 e4 59. Rd2 Re5 60. Rd4 Kg6 61.
Kf1 Kf6 62. Ke2 Kf5 63. Ra3 Re8 64. Ke3 Ke5 65. Rc3 Rf8 66. Rxc5 Rf3+ 67. Ke2
dxc5 68. Rc4 Kxd5 69. Rc1 c4 70. Ra1 Kc5 71. a5 bxa5 72. Rxa5 Kb6 73. Ra6+ Kxb5
74. Rh6 Rf5 75. Rh7 Rc5 0-1

[Event "Memorial Nicola Palladino A"]
[Site "Milano ITA"]
[Date "2010.04.02"]
[Round "2"]
[White "Nepi, Ezio"]
[Black "Olivieri, Alessandro"]
[Result "1/2-1/2"]
[WhiteElo "1852"]
[BlackElo "1938"]
[PlyCount "99"]
[EventDate "2010.04.01"]

1. e4 d6 2. d4 Nf6 3. Nc3 g6 4. Be2 Bg7 5. h4 c5 6. dxc5 Qa5 7. Bd2 Qxc5 8. h5
gxh5 9. Bxh5 Nc6 10. Be2 Bd7 11. Be3 Qb4 12. Qd2 Nxe4 13. Nxe4 Qxe4 14. Bf3 Qa4
15. c3 Ne5 16. Bd4 Nc4 17. Qd1 Qxd1+ 18. Rxd1 Bxd4 19. Rxd4 Nxb2 20. Kd2 Na4
21. Rdh4 O-O-O 22. Rxh7 Rxh7 23. Rxh7 Be6 24. Rh4 b5 25. Ne2 Bxa2 26. Nd4 a6
27. Nc6 Rd7 28. Rh8+ Kc7 29. Ra8 Kb6 30. Rb8+ Kc5 31. Nb4 Be6 32. Rc8+ Kb6 33.
Rc6+ Kb7 34. Rxa6+ d5 35. Kc2 Rc7 36. Bxd5+ Bxd5 37. Nxd5 Rxc3+ 38. Nxc3 Kxa6
39. Nd5 e6 40. Nb4+ Kb6 41. g4 Kc5 42. Nd3+ Kd4 43. f4 Ke4 44. g5 b4 45. Ne5
Kxf4 46. Nxf7 Kf5 47. Kb3 Nb6 48. Kxb4 Kg6 49. Nd8 e5 50. Kc5 1/2-1/2